Volcanoes of Hawaii Quiz - Statistics

General Stats
  • This quiz has been taken 32 times
  • The average score is 3 of 5
Answer Stats
Status Height Volcano % Correct
Dormant 13,803 ft Mauna Kea
96%
Active 13,678 ft Mauna Loa
88%
Active 4,091 ft Kilauea
67%
Active 8,271 ft Hualalai
25%
Extinct 5,479 ft Kohala
21%
No matching quizzes found
Score Distribution
Percent of People with Each Score
Percentile by Number Answered
Your Score History
You have not taken this quiz